Countries Carmen Sandiego (or Shadowsan) Has Visited - Statistics

General Stats
  • This quiz has been taken 11 times
  • The average score is 25 of 36
Answers on the Map
Answers color-coded by a green-red scale on the quiz's map according to % correct below.
 
Answer Stats
Answer % Correct
Australia
91%
China
91%
Japan
91%
United States
91%
Argentina
82%
Canada
82%
Egypt
82%
France
82%
Mexico
82%
New Zealand
82%
Russia
82%
Brazil
73%
Germany
73%
Iceland
73%
India
73%
Indonesia
73%
Morocco
73%
Spain
73%
United Kingdom
73%
Belgium
64%
Denmark
64%
Italy
64%
Norway
64%
South Africa
64%
Switzerland
64%
Turkey
64%
Austria
55%
Botswana
55%
Greece
55%
Netherlands
55%
Poland
55%
Singapore
55%
Sweden
55%
United Arab Emirates
55%
Ecuador
36%
Taiwan
27%
No matching quizzes found
Score Distribution
Percent of People with Each Score
Percentile by Number Answered
Your Score History
You have not taken this quiz